logo

Bir Sreshtho Munshi Abdur Rouf Library
Jhenaidah Cadet College

The lost girl / (Record no. 7999)

MARC details
000 -LEADER
fixed length control field 00618nam a2200229 a 4500
001 - CONTROL NUMBER
JCCL Control Number 7999
003 - CONTROL NUMBER IDENTIFIER
JCCL marc code BD - JhCC
005 - DATE AND TIME OF LATEST TRANSACTION
control field 20180717083253.0
008 - FIXED-LENGTH DATA ELEMENTS--GENERAL INFORMATION
fixed length control field 500101s1981 enkb 000 1 eng d
035 ## - SYSTEM CONTROL NUMBER
system control number (BD - JhCC)7999
040 ## - CATALOGING SOURCE
Original cataloging agency BD-JhCC
Modifying agency BD-JhCC
041 ## - LANGUAGE CODE
Language code of Book eng
050 #0 - LIBRARY OF CONGRESS CALL NUMBER
Classification number PR6023.A931
082 ## - DEWEY DECIMAL CLASSIFICATION NUMBER
Author mark and Year LAW 1981
100 1# - MAIN ENTRY--PERSONAL NAME
Personal name Lawrence, D. H.
Fuller form of name (David Herbert),
Dates associated with a name 1885-1930.
245 14 - TITLE STATEMENT
Title The lost girl /
Statement of responsibility, etc D.H. Lawrence
260 ## - PUBLICATION, DISTRIBUTION, ETC. (IMPRINT)
Place of publication, distribution, etc Cambridge :
Name of publisher, distributor, etc Cambridge University Press,
Date of publication, distribution, etc 1981
300 ## - PHYSICAL DESCRIPTION
Pagination lvii, 426 p. :
Other physical details 1 map ; 22 cm
650 ## - SUBJECT ADDED ENTRY--TOPICAL TERM
Topical term or geographic name as entry element Romance fiction, English
942 ## - ADDED ENTRY ELEMENTS (KOHA)
Source of classification or shelving scheme Dewey Decimal Classification
Koha item type Books
Holdings
Source of classification or shelving scheme Damaged status Not for loan Home library Current library Shelving location Date of accession Total Checkouts Full call number Barcode Date last seen Copy number Koha item type
Dewey Decimal Classification     JCC Rouf Library JCC Rouf Library General Stacks 02/17/2018   823.912 LAW 1981 9231 02/17/2018 C - 1 Books

JCC Library | Contacts | JCC Home

Last Update on 23 September 2017
Copyright @ 2017-2020 JCC Rouf Library
Rouf Library, Jhenidah Cadet College (JCC), Bangladesh